Logo BPK

Biblioteka

Politechniki Koszalińskiej

Modelowe przykłady rewaloryzacji wybranych zespołów zabytkowych na Pomorzu Zachodnim / (Rekord nr 29418)

Szczegóły MARC
000 -ETYKIETA REKORDU
podpole kontrolne o stałej długości 00805nam a2200205 i 4500
001 - NUMER KONTROLNY REKORDU
pole kontrolne bg
040 ## - ŹRÓDŁO KATALOGOWANIA
Instytucja, która utworzyła rekord BPK
041 ## - KOD JĘZYKA
Kod języka tekstu pol
080 ## - UNIWERSALNA KLASYFIKACJA DZIESIĘTNA - UKD
UKD 72.025(438-15-17)
008 - POLE O STAŁEJ DŁUGOŚCI - DANE KONTROLNE
podpole kontrolne o stałej długości s pl f |000 0 pol
100 1# - NAZWA OSOBOWA
Nazwa osobowa BARAŃSKA, Jolanta
245 #0 - TYTUŁ/ODPOWIEDZIALNOŚĆ
Tytuł Modelowe przykłady rewaloryzacji wybranych zespołów zabytkowych na Pomorzu Zachodnim /
Pozostałe elementy strefy tytułu i oznaczenia odpowiedzialności J. Barańska, S. Latour, Lucjan J. Lipiński.
260 ## - STREFA ADRESU WYDAWNICZEGO
Miejsce wydania Szczecin,
Data publikacji, dystrybucji/powstania dokumentu 1990.
490 1# - STREFA SERII I DOKUMENTU WIELOCZĘŚCIOWEGO - FORMA NIE DO WYSZUKIWANIA
Tytuł i oznaczenie odpowiedzialności serii Prace Naukowe Politechniki Szczecińskiej. Instytut Architektury i Planowania Przestrzennego,
ISSN 0208-7065 ;
Numeracja w obrębie serii nr 23
500 ## - UWAGI OGÓLNE
Tekst uwagi Numeracja ser. gł. : nr 373.
700 1# - HASŁO DODATKOWE - NAZWA OSOBOWA
Nazwa osobowa LATOUR, Stanisław
700 1# - HASŁO DODATKOWE - NAZWA OSOBOWA
Nazwa osobowa LIPIŃSKI, Lucjan Jan
830 #0 - HASŁO DODATKOWE SERII LUB DOKUMENTU WIELOCZĘŚCIOWEGO - TYTUŁ UJEDNOLICONY
Tytuł ujednolicony Prace Naukowe Politechniki Szczecińskiej.
Nazwa części/sekcji dzieła Instytut Architektury i Planowania Przestrzennego ;
Oznaczenie tomu nr 23
856 ## - LOKALIZACJA I DOSTĘP DO ELEKTRONICZNYCH DOKUMENTÓW ZDALNYCH
Link (URL) http://koha.tu.koszalin.pl/cgi-bin/koha/opac-detail.pl?biblionumber=29418
Tekst linku Katalog online BPK
942 ## - DODATKOWE ELEMENTY (KOHA)
Typ dokumentu Książka
Egzemplarze
Wycofany Status egzemplarza Uszkodzony Dostępność Lokalizacja stała Lokalizacja bieżąca Miejsce przechowywania Sygnatura Kod kreskowy Typ dokumentu
      Dostępny Biblioteka Politechniki Koszalińskiej Biblioteka Politechniki Koszalińskiej Wypożyczalnia BG 35587 01608175 Książka
© 2023 Biblioteka Politechniki Koszalińskiej :: KOHA